[Event "Vienna State-ch"]
[Site "Vienna"]
[Date "2019.09.19"]
[Round "6"]
[White "Khmelevsky, Serguei"]
[Black "Theissl Pokorna, Regina"]
[Result "1/2-1/2"]
[WhiteElo "2183"]
[BlackElo "2303"]
[PlyCount "43"]
[EventDate "2019.09.14"]
[EventType "tourn"]
[EventRounds "9"]
[EventCountry "AUT"]
[SourceTitle "EXT 2020"]
[Source "ChessBase"]
[SourceDate "2019.10.17"]
[SourceVersion "1"]
[SourceVersionDate "2019.10.17"]
[SourceQuality "1"]

1. c4 Nf6 2. d4 e6 3. Nc3 Bb4 4. g3 0-0 5. Bg2 d5 6. a3 Be7 7. Nf3 c6 8. 0-0 Nbd7 9. Nd2 c5 10. cxd5 exd5 11. Nxd5 Nxd5 12. Bxd5 cxd4 13. Bg2 Ne5 14. Nf3 Nxf3+ 15. Bxf3 Qb6 16. b4 a5 17. Bd2 a4 18. Bf4 Bh3 19. Re1 Rfd8 20. Rc1 Bd6 21. Bxd6 Rxd6 22. Qd3 1/2-1/2

[Event "Vienna State-ch"]
[Site "Vienna"]
[Date "2019.09.17"]
[Round "4"]
[White "Khmelevsky, Serguei"]
[Black "Exler, Veronika"]
[Result "1-0"]
[WhiteElo "2183"]
[BlackElo "2219"]
[PlyCount "45"]
[EventDate "2019.09.14"]
[EventType "tourn"]
[EventRounds "9"]
[EventCountry "AUT"]
[SourceTitle "EXT 2020"]
[Source "ChessBase"]
[SourceDate "2019.10.17"]
[SourceVersion "1"]
[SourceVersionDate "2019.10.17"]
[SourceQuality "1"]

1. c4 e6 2. Nc3 d5 3. d4 Nf6 4. Bg5 Be7 5. e3 Nbd7 6. cxd5 exd5 7. Bd3 h6 8. Bf4 c6 9. h3 0-0 10. Nf3 Nh5 11. Bh2 g6 12. Qc2 Ng7 13. 0-0-0 Nf6 14. g4 h5 15. Ne5 hxg4 16. hxg4 Nxg4 17. Rdg1 Nxe5 18. Bxe5 Bf6 19. f4 Re8 20. Bxg6 Be6 21. Bxf7+ Bxf7 22. Qh7+ Kf8 23. Rxg7 1-0

[Event "Vienna op 18th"]
[Site "Vienna"]
[Date "2013.08.23"]
[Round "7"]
[White "Khmelevsky, Serguei"]
[Black "Fauland, Alexander"]
[Result "0-1"]
[WhiteElo "2254"]
[BlackElo "2447"]
[PlyCount "78"]
[EventDate "2013.08.17"]
[EventType "swiss"]
[EventRounds "9"]
[EventCountry "AUT"]
[SourceTitle "CBM 156 Extra"]
[Source "ChessBase"]
[SourceDate "2013.10.22"]
[SourceVersion "1"]
[SourceVersionDate "2013.10.22"]
[SourceQuality "1"]

1. d4 Nf6 2. c4 e6 3. Nc3 Bb4 4. Qb3 c5 5. Nf3 Nc6 6. e3 0-0 7. a3 Na5 8. Qc2 Bxc3+ 9. Qxc3 b5 10. dxc5 bxc4 11. Bxc4 Nxc4 12. Qxc4 a5 13. Qd4 Ba6 14. Bd2 Qb8 15. Bc3 Qb5 16. 0-0-0 Rfc8 17. a4 Qb3 18. Nd2 Qd5 19. e4 Qxc5 20. Qxc5 Rxc5 21. f3 Rb8 22. Kc2 d5 23. Nb3 Rcc8 24. Rhe1 dxe4 25. fxe4 Bb7 26. Nd2 Ng4 27. h3 Nf2 28. Ra1 Ba6 29. Re3 Rb4 30. e5 Rd4 31. Kb3 Rd5 32. Ka3 h5 33. Nb3 Nd1 34. Rxd1 Rxd1 35. Nxa5 Ra1+ 36. Kb4 Rb8+ 37. Kc5 Rxa4 38. Nc6 Rc4+ 39. Kd6 Rb6 0-1

[Event "Vienna op 18th"]
[Site "Vienna"]
[Date "2013.08.22"]
[Round "6"]
[White "Kilgus, Georg"]
[Black "Khmelevsky, Serguei"]
[Result "1/2-1/2"]
[WhiteElo "2434"]
[BlackElo "2254"]
[PlyCount "111"]
[EventDate "2013.08.17"]
[EventType "swiss"]
[EventRounds "9"]
[EventCountry "AUT"]
[SourceTitle "CBM 156 Extra"]
[Source "ChessBase"]
[SourceDate "2013.10.22"]
[SourceVersion "1"]
[SourceVersionDate "2013.10.22"]
[SourceQuality "1"]

1. Nf3 Nf6 2. g3 b5 3. Na3 a6 4. Bg2 Bb7 5. c4 e6 6. cxb5 Bxa3 7. bxa6 Nxa6 8. bxa3 0-0 9. 0-0 Nc5 10. d3 Ra6 11. Qc2 d6 12. e4 Qa8 13. Nd4 Rc8 14. Rb1 Ncd7 15. Nb5 Ne8 16. Nc3 c5 17. a4 Bc6 18. Bd2 Bxa4 19. Nxa4 Rxa4 20. Rb2 Rc7 21. Ra1 Qa6 22. Bf1 Qa8 23. a3 Rca7 24. Qb1 Rxa3 25. Rxa3 Rxa3 26. Rb7 Ra7 27. Rxa7 Qxa7 28. Qb5 Kf8 29. f4 Ke7 30. Be3 Nc7 31. Qb2 f6 32. d4 Qa8 33. dxc5 dxc5 34. Qc2 Qa5 35. Qd3 Qb4 36. e5 Nd5 37. exf6+ N7xf6 38. Bf2 Ne4 39. h4 Nxf2 40. Kxf2 Qd4+ 41. Qxd4 cxd4 42. Kf3 Nc3 43. Bd3 h6 44. g4 Kd6 45. g5 e5 46. fxe5+ Kxe5 47. gxh6 gxh6 48. Kg4 Nd5 49. Bb1 Nf4 50. Bc2 Ng2 51. Bb1 Ne3+ 52. Kh5 Nf5 53. Kg4 Ng7 54. Bc2 Kf6 55. Kf4 h5 56. Bd1 1/2-1/2

[Event "Vienna op 17th"]
[Site "Vienna"]
[Date "2011.08.19"]
[Round "7"]
[White "Jakovljevic, Vlado"]
[Black "Khmelevsky, Serguei"]
[Result "1-0"]
[WhiteElo "2377"]
[BlackElo "2273"]
[PlyCount "72"]
[EventDate "2011.08.13"]
[EventType "swiss"]
[EventRounds "9"]
[EventCountry "AUT"]
[SourceTitle "CBM 143 Extra"]
[Source "ChessBase"]
[SourceDate "2011.08.29"]
[SourceVersion "1"]
[SourceVersionDate "2011.08.29"]
[SourceQuality "1"]

1. Nf3 Nf6 2. c4 b6 3. g3 Bb7 4. Bg2 g6 5. d4 Bg7 6. 0-0 0-0 7. d5 Ne4 8. Qc2 f5 9. Nfd2 Nd6 10. Nb3 c5 11. Bf4 Nf7 12. Nc3 Qc8 13. Rae1 e5 14. Bc1 d6 15. e4 Ba6 16. exf5 gxf5 17. Bh3 Nd8 18. Ne4 Qc7 19. Ng5 Bc8 20. f4 e4 21. Rxe4 h6 22. Ne6 Nxe6 23. Rxe6 Bxe6 24. dxe6 Nc6 25. Bxf5 Rae8 26. Qe4 Ne7 27. Bh3 Qc6 28. Bg2 Qxe4 29. Bxe4 Nf5 30. g4 Nd4 31. Nxd4 Bxd4+ 32. Kg2 Kg7 33. f5 Bf6 34. Rd1 Rd8 35. Bf4 Be7 36. Kg3 Rfe8 1-0

[Event "Graz op"]
[Site "Graz"]
[Date "2002.??.??"]
[Round "4"]
[White "Burmakin, Vladimir"]
[Black "Khmelevsky, Serguei"]
[Result "1-0"]
[WhiteElo "2564"]
[BlackElo "2228"]
[PlyCount "91"]
[EventDate "2002.??.??"]
[EventType "swiss"]
[EventRounds "9"]
[EventCountry "AUT"]
[SourceTitle "EXT 2003"]
[Source "ChessBase"]
[SourceDate "2002.11.25"]
[SourceVersion "1"]
[SourceVersionDate "2002.11.25"]
[SourceQuality "1"]

1. d4 Nf6 2. Nf3 e6 3. c4 Bb4+ 4. Bd2 Qe7 5. g3 0-0 6. Bg2 Nc6 7. 0-0 Bxd2 8. Nbxd2 d6 9. e4 e5 10. d5 Nb8 11. b4 a5 12. a3 axb4 13. axb4 Rxa1 14. Qxa1 Na6 15. Qc3 c5 16. dxc6 bxc6 17. Ra1 c5 18. b5 Nb4 19. Ne1 Bb7 20. Nd3 Nxd3 21. Qxd3 Ra8 22. Rxa8+ Bxa8 23. Qa3 Qb7 24. f4 exf4 25. gxf4 Nd7 26. Bf3 Qb8 27. Qd3 Nb6 28. h4 h6 29. Kg2 Qd8 30. h5 Qe7 31. Kg3 Bb7 32. Nf1 f5 33. exf5 Bxf3 34. Kxf3 Qf7 35. Qxd6 Qxc4 36. Qe6+ Kf8 37. Ne3 Qxb5 38. f6 gxf6 39. Qxf6+ Ke8 40. Qh8+ Kd7 41. Qxh6 Qb3 42. Qg7+ Kc6 43. h6 Nc4 44. Qg6+ Nd6 45. h7 Qc3 46. Qg8 1-0

[Event "Graz op"]
[Site "Graz"]
[Date "2002.??.??"]
[Round "6"]
[White "Khmelevsky, Serguei"]
[Black "Baumegger, Siegfried"]
[Result "0-1"]
[WhiteElo "2228"]
[BlackElo "2382"]
[PlyCount "126"]
[EventDate "2002.??.??"]
[EventType "swiss"]
[EventRounds "9"]
[EventCountry "AUT"]
[SourceTitle "EXT 2003"]
[Source "ChessBase"]
[SourceDate "2002.11.25"]
[SourceVersion "1"]
[SourceVersionDate "2002.11.25"]
[SourceQuality "1"]

1. d4 Nf6 2. c4 e6 3. Nf3 d5 4. Nc3 c6 5. cxd5 exd5 6. Qc2 Be7 7. Bg5 Na6 8. Bxf6 Bxf6 9. e3 Nb4 10. Qb3 Qb6 11. Kd2 0-0 12. a3 Na6 13. Qxb6 axb6 14. Bd3 Nc7 15. h3 Be7 16. Rhe1 Be6 17. Ke2 Ne8 18. Kf1 Nd6 19. Nd2 b5 20. Bc2 g6 21. Red1 Ra7 22. Rab1 Kg7 23. Ne2 g5 24. Kg1 f5 25. g3 h5 26. f3 Nc4 27. Kf2 Bd6 28. f4 g4 29. h4 Bd7 30. Nf1 Kf6 31. Nc1 Rfa8 32. Nd3 Be8 33. Ne5 Ke6 34. Nd2 b6 35. Bd3 c5 36. Nb3 Be7 37. Bf1 Nxe5 38. fxe5 c4 39. Nc1 b4 40. axb4 Bxb4 41. Ne2 Ra5 42. Bg2 Kd7 43. Rdc1 Rc8 44. Nf4 Bf7 45. Rc2 Bf8 46. b3 c3 47. b4 Rb5 48. Nd3 f4 49. Nxf4 Rc4 50. Rb3 Rbxb4 51. Rbxc3 Rxc3 52. Rxc3 Rb2+ 53. Kg1 Bb4 54. Rd3 Be1 55. e4 Bf2+ 56. Kh1 Rb1+ 57. Kh2 Bg1+ 58. Kh1 Bxd4+ 59. Kh2 Bg1+ 60. Kh1 d4 61. e6+ Bxe6 62. Nxh5 Bc4 63. Ra3 d3 0-1